000 00628nam a22002297a 4500
003 URS
005 20251022142526.0
008 251001b ||||| |||| 00| 0 eng d
020 _a978-621-04-4354-7
040 _cURS
050 _aTX911.3
_b.M27.P7391 2023
100 _aMonzon-Po, Sarah
245 _aFundamentals in Lodging Operations
250 _aFirst Edition
264 _aQuezon City
_bREX Book Store
_c©2023
300 _a225 pages.,:
_c25 cm.
336 _2rdacontent
_atext
337 _2rdamedia
_aunmediated
338 _2rdacarrier
_avolume
650 0 _aHospitality Industry
_xManagement
942 _2lcc
_cF
999 _c88202
_d88199